| 000 | 00802na a2200289 4500 | ||
|---|---|---|---|
| 001 | 20337 | ||
| 003 | MIRAKIL | ||
| 005 | 20181213155101.0 | ||
| 008 | 170118b tu 000 0 | ||
| 020 | _a975220015X | ||
| 040 |
_aMilas _btur _cTR-AnCHP |
||
| 041 | _atur | ||
| 082 |
_a330.9561 _bS28s 2002 |
||
| 090 | _a330.9561 S28s 2002 | ||
| 100 | _aSavaş, Vural | ||
| 245 |
_aSatılmışların ekonomisi _cVural Savaş |
||
| 250 | _a1.basım | ||
| 260 |
_aAnkara _bBilgi Yayınevi _c2002 _fCantekin matbaacılık |
||
| 300 |
_a471 s. _c19 sm. |
||
| 440 |
_aBilgi Yayınları/Bilgi Dizisi _v133 |
||
| 490 |
_aVural Savaş _v3 |
||
| 500 | _aYapıt yazarından imzalıdır. | ||
| 504 | _aDizin var. | ||
| 650 |
_aTürkiye _xSiyasal Yaşam |
||
| 650 |
_aTürkiye _xEkonomi |
||
| 942 |
_2ddc _cBKS |
||
| 999 |
_c6256 _d6256 |
||